000 00456nam a2200169Ia 4500
003 GCL
008 140319s9999 xx 000 0 eng d
040 _aGCL /
_cGCL
082 0 4 _a595.32
_bA B
100 1 _aANDERSON, D.T.
245 1 0 _aBASNACLES: STRUCTURE,FUNCTION DEVELOPMENT AND EVOLUTION /
_cANDERSON, D.T.
260 _a[S.N] :
_bCHAPMAN & HALL ،
_c1994
300 _a357 P
650 0 4 _aNERVOUS SYSTEM
650 0 4 _aBARNACLES
942 _2ddc
_cBK
999 _c14784
_d14784